000 00640nam a2200205Ia 4500
008 140626s9999 xx 000 0 und d
100 _aPapparotto, Carla.
245 _aRisk factors associated with malnutrition in older adults living in Italian nursing homes :
_ba cross sectional study /
_cCarla Papparotto ... [et al.].
260 _cc2013.
300 _a6 : 1, page 187
440 _aResearch in Gerontological Nursing
521 _aNUR
650 _aItaly.
650 _aMalnutrition.
650 _aNursing home residence.
650 _aOlder adults.
650 _aPatient care.
650 _aRisk factors.
942 _cSE
999 _c121466
_d121466